000 00712nam a2200217Ii 4500
003 JO-AjNU
008 230605s9999||||xx |||||||||||||| ||und||
017 _a2001/14359
020 _a977-05-1821-2
040 _aJO-AjNU
_bara
_erda
_cJO-AjNU
041 _aara
050 1 4 _aPJ6148.K586 2001
100 3 _aخضير، محمد أحمد,
_eauthor
_934381
245 0 0 _aالأدوات النحوية ودلالاتها في القرآن الكريم
264 3 1 _aالقاهرة: مكتبة الأنجلو المصرية، 2001
300 _a169ص
336 _atext
_btxt
_2rdacontent
337 _aunmediated
_bn
_2rdamedia
338 _avolume
_bnc
_2rdacarrier
650 4 _aالقرآن-إعراب
_934382
999 _aA14092
_c17660
_d17660